Menová politika v podmienkach hospodárskej depresie diplomová práca

Saved in:
Bibliographic Details
Main Author: Baláž, Ondrej
Corporate Author: Národohospodárska fakulta EU. Katedra bankovníctva a medzinárodných financií
Other Authors: Kotlebová, Jana, 1969-
Format: Book
Language:Slovak
Published: Bratislava 2010
Tags: Add Tag
No Tags, Be the first to tag this record!

MARC

LEADER 00000nam a2200000 4500
001 0119328
005 20240318122704.7
041 0 |a slo 
044 |a SK 
245 1 0 |a Menová politika v podmienkach hospodárskej depresie  |b diplomová práca  |c Ondrej Baláž ; škol. Jana Kotlebová 
264 1 |a Bratislava  |c 2010 
300 |a 68 s. 
100 1 |a Baláž, Ondrej 
700 1 |a Kotlebová, Jana, 1969- 
710 2 |a Národohospodárska fakulta EU. Katedra bankovníctva a medzinárodných financií